书目信息 |
| 书名: | Trevor's Place | |
| 作者: | Frank and Janet Ferrell with Edward Wakin. | |
| 分册号: | ||
| 分册名: | 出版地: | NEW YORK : |
|
| 出版社: | Harper & Row,Pub | |
| 出版时间: | 1985. | |
| 页数: | 159 p. ; | |
| 开本: | 20cm. | |
| 丛书名: | ||
| 中图分类号: | ||
| 科图分类号: | ||
| 其他分类号: | K837.12 | |
| 主题词: | ||
| 电子资源: | ||
| 000 | 00508nam 2200157 a 4500 | |
| 001 | E0232033157 | |
| 005 | 2002052508535287 | |
| 008 | 020525s1985 00010 eng | |
| 020 | @a0-06-250297-2 :@cRMB 12.00. | |
| 040 | @aPFT@beng | |
| 090 | @aK837.12 | |
| 099 | @dK837.12@eF828 | |
| 245 | @aTrevor's Place :@bthe Story of the Boy Who Brings Hope to the Homeless / @cFrank and Janet Ferrell with Edward Wakin. | |
| 250 | @aRevised Edition. | |
| 260 | @aNEW YORK :@bHarper & Row,Pub.,@c1985. | |
| 300 | @a159 p. ;@c20cm. | |
| Trevor's Place : : the Story of the Boy Who Brings Hope to the Homeless / / Frank and Janet Ferrell with Edward Wakin.-Revised Edition.-NEW YORK : : Harper & Row,Pub., , 1985. |
| 159 p. ; ; 20cm. |
| ISBN 0-06-250297-2 :RMB 12.00. |
| ● |
| 相关链接 |
|
|
|
正题名:Trevor's Place
索取号:K837.12/F828
 
预约/预借
| 序号 | 登录号 | 条形码 | 馆藏地/架位号 | 状态 | 备注 |
| 1 | 04188 | 300041880 | 社科库309/309社科库 993排1列3层/ [索取号:K837.12/F828] | 在馆 |